000 00339nam a2200121Ia 4500
008 170224s9999 xx 000 0 und d
245 _aNewsCAP: Clinical risk factors for recognizing preeclampsia in early pregnancy.
260 _bAmerican Journal of Nursing
260 _c2016
300 _a116:7
500 _aJuly
650 _xNursing.
999 _c316945
_d316945